Modern political constitutions : (Record no. 125560)

MARC details
000 -LEADER
fixed length control field 00883nam a22002417a 4500
005 - DATE AND TIME OF LATEST TRANSACTION
control field 20170124105956.0
010 ## - LIBRARY OF CONGRESS CONTROL NUMBER
LC control number B-062339
020 ## - INTERNATIONAL STANDARD BOOK NUMBER
Terms of availability 170.00
International Standard Book Number 819009971
035 ## - SYSTEM CONTROL NUMBER
System control number B-062339
037 ## - SOURCE OF ACQUISITION
Source of stock number/acquisition Cen Lib/Ret
040 ## - CATALOGING SOURCE
Original cataloging agency DPL
Language of cataloging EN
082 ## - DEWEY DECIMAL CLASSIFICATION NUMBER
Classification number 342
Item number BHA
100 ## - MAIN ENTRY--PERSONAL NAME
Personal name Bhattacharyya, Dinesh Chandra
9 (RLIN) 14767
245 ## - TITLE STATEMENT
Title Modern political constitutions :
Statement of responsibility, etc by Dinesh Chandra Bhattacharyya
Remainder of title a study of comparative government and politics with reference to the governments and politics of Great Britain, United States, China, France and Switzerland /
250 ## - EDITION STATEMENT
Edition statement 7th rev. enl. ed
260 ## - PUBLICATION, DISTRIBUTION, ETC. (IMPRINT)
Place of publication, distribution, etc Calcutta
Name of publisher, distributor, etc Vijoya Publishing House
Date of publication, distribution, etc 2000
270 ## - ADDRESS
Address 106, Vivekananda Road
City Calcutta
Postal code 700006
300 ## - PHYSICAL DESCRIPTION
Extent xix,755p.
Dimensions 20cm(Hb)
500 ## - GENERAL NOTE
General note
650 ## - SUBJECT ADDED ENTRY--TOPICAL TERM
Topical term or geographic name as entry element Political system
9 (RLIN) 14768
650 ## - SUBJECT ADDED ENTRY--TOPICAL TERM
Topical term or geographic name as entry element Comparative politics
9 (RLIN) 14769
942 ## - ADDED ENTRY ELEMENTS (KOHA)
Source of classification or shelving scheme Dewey Decimal Classification
Koha item type English Books
Classification part 342
Call number suffix BHA
Holdings
Withdrawn status Lost status Damaged status Not for loan Home library Current library Date acquired Source of acquisition Cost, normal purchase price Total Checkouts Full call number Barcode Date last seen Copy number Cost, replacement price Price effective from Koha item type
        Central Library Central Library 22/06/2015 Cen Lib/Ret 170.00   342 BHA B-062339 22/06/2015 1 170.00 22/06/2015 English Books

© Delhi Public Library
Hit Counter
free hit counter